000 00833nab a2200253 u 4500
001 14261
003 HDC
007 cr bn ---aaaaa
008 210214c mydr|nes 0 a may d
040 _aHDC
100 _aAqilah Mior Kamarulbaid
_eauthor
_98119
245 0 _aPengeluar produk herba /
_cby Aqilah Mior Kamarulbaid
260 _aMalaysia:
_bUtusan Malaysia,
_c2015
336 _atext
_2rdacontent
337 _acomputer
_2rdamedia
338 _aonline resource
_2rdacarrier
650 _abusiness industry
_96119
650 _aherbs products
_914840
710 _aUtusan Malaysia
856 _zRequest full-text at [email protected]
942 _2lcc
942 _cNEWS
942 _kNSWC 004560
999 _c11577
_d11577